Sports Quiz

Random Sports or WWE Quiz

WWE Royal Rumble 2016 Participants In Order Quiz Stats

 Plays Quiz not verified by Sporcle

Support Sporcle.
Go Orange.
Score 0/30 Timer 10:00
0 Plays Today
Entry WWE Superstar % Correct
#1Roman Reigns
99.5%
#2Rusev
95.6%
#3A.J. Styles
94.6%
#4Tyler Breeze
77.4%
#6Chris Jericho
72.2%
#5Curtis Axel
70.7%
#7Kane
65.8%
#30Triple H
64.5%
#8Goldust
60.7%
#29Sheamus
57.3%
#9Ryback
55%
#19Dean Ambrose
54.8%
#18Kevin Owens
54%
#27Bray Wyatt
54%
#28Dolph Ziggler
53.2%
Entry WWE Superstar % Correct
#10Kofi Kingston
53%
#23Brock Lesnar
53%
#20Sami Zayn
52.7%
#17Braun Strowman
51.9%
#11Titus O'Neil
51.7%
#13Luke Harper
51.4%
#21Erick Rowan
50.6%
#26Alberto Del Rio
50.1%
#14Stardust
49.4%
#16Neville
49.1%
#24Jack Swagger
49.1%
#25The Miz
49.1%
#12R-Truth
48.8%
#15Big Show
48.6%
#22Mark Henry
48.3%

You're not logged in!

Compare scores with friends on all Sporcle quizzes.
OR
Log In

From the Vault

'Like' Song Titles

by JoeBeta

This quiz brought to you by Facebook (not really).
Remove Ads.
Support Sporcle.
Get the best of Sporcle when you Go Orange. This ad-free experience offers more features, more stats, and more fun while also helping to support Sporcle. Thank you for becoming a member.

Show Comments

Extras

Top Quizzes Today


Score Distribution

Your Account Isn't Verified!

In order to create a playlist on Sporcle, you need to verify the email address you used during registration. Go to your Sporcle Settings to finish the process.

Report this User

Report this user for behavior that violates our Community Guidelines.

Details: